Computational nanotechnology. Т. 11, № 5 (спецвып.): Международная научно-практическая конференция "Индустриальное программирование - 2024" (Запись № 13399294)

Подробности
000 -МАРКЕР
контрольное поле 01854nam2a2200253 4500
001 - ИДЕНТИФИКАТОР ЗАПИСИ
контрольное поле RU\NLR\BIBL_A\022522256
005 - ИДЕНТИФИКАТОР ВЕРСИИ
контрольное поле 20260409073257.0
035 ## - ДРУГИЕ СИСТЕМНЫЕ НОМЕРА
Идентификатор записи (NLR Aleph) 022522256
100 ## - ДАННЫЕ ОБЩЕЙ ОБРАБОТКИ
Данные общей обработки 20250415d2024 u y0rusy50 ca
101 0# - ЯЗЫК РЕСУРСА
Язык текста, звукозаписи и т.д. русский
102 ## - СТРАНА ПУБЛИКАЦИИ ИЛИ ПРОИЗВОДСТВА
Страна публикации Российская Федерация
200 1# - ЗАГЛАВИЕ И СВЕДЕНИЯ ОБ ОТВЕТСТВЕННОСТИ
Основное заглавие Международная научно-практическая конференция "Индустриальное программирование - 2024"
Параллельное заглавие International scientific and practical conference "Enterprise programming - 2024"
Язык параллельного заглавия английский
210 ## - ПУБЛИКАЦИЯ, РАСПРОСТРАНЕНИЕ И ДР.
Дата издания, распространения и т.д. 2024
461 #0 - УРОВЕНЬ НАБОРА
Встроенное поле 001RU\NLR\Per\1088298
-- 2001#$aComputational nanotechnology$dВычислительные нaнотехнологии$eнаучный рецензируемый журнал$eрецензируемое научное периодическое издание$fИзд. дом "Юр-ВАК"$zrus$vТ. 11, № 5 (спецвып.)
Системный номер (АБИС) связанной записи 10367412
Место публикации Москва
Дата публикации 2014 -
Первые сведения об ответственности Изд. дом "Юр-ВАК"
Параллельное заглавие Вычислительные нaнотехнологии
Имя издателя, распространителя и т.д. Юр-ВАК
Сведения, относящиеся к заглавию научный рецензируемый журнал : рецензируемое научное периодическое издание
Заглавие Computational nanotechnology
ISSN 2313-223X
Номер тома Т. 11, № 5 (спецвып.)
510 1# - ПАРАЛЛЕЛЬНОЕ ЗАГЛАВИЕ
Параллельное заглавие International scientific and practical conference "Enterprise programming - 2024"
Язык заглавия английский
606 ## - НАИМЕНОВАНИЕ ТЕМЫ КАК ПРЕДМЕТ
Наименование темы Программирование (компьют.)
Формальный подзаголовок Съезды, совещания и т.п
Системный номер авторитетной/нормативной записи 2081275
Идентификатор авторитетной/нормативной записи RU\NLR\AUTH\661257252
686 1# - ИНДЕКСЫ ДРУГИХ КЛАССИФИКАЦИЙ
Индекс З973.2-018я431(0)
710 12 - НАИМЕНОВАНИЕ ОРГАНИЗАЦИИ - ПЕРВИЧНАЯ ОТВЕТСТВЕННОСТЬ
Начальный элемент ввода "Индустриальное программирование - 2024", международная научно-практическая конференция
Место проведения временной организации Москва
Системный номер авторитетной/нормативной записи 2658867
Идентификатор авторитетной/нормативной записи RU\NLR\AUTH\880626499
852 ## - МЕСТОНАХОЖДЕНИЕ И ШИФР ХРАНЕНИЯ
Идентификатор организации NLR
Шифр хранения (Call Number) П2/1116
942 ## - ДОПОЛНИТЕЛЬНЫЕ ЭЛЕМЕНТЫ ЗАПИСИ (АБИС)
Тип экземпляра АБИС Выпуск
980 ## - КОЛЛЕКЦИЯ
Название коллекции Русская периодика
980 ## - КОЛЛЕКЦИЯ
Название коллекции Национальная библиография

Нет доступных экземпляров.